12-13 NHL Starting Goalie Pad Brands - Statistics

General Stats
  • This quiz has been taken 544 times
  • The average score is 26 of 30
Answer Stats
Starting Goalie Brand % Correct
Miikka Kiprusoff Bauer
96%
Devan Dubnyk Bauer
96%
Henrik Lundqvist Bauer
96%
Ilya Bryzgalov Bauer
96%
Anders Lindback Bauer
96%
James Reimer Bauer
96%
Steve Mason CCM
95%
Kari Lehtonen CCM
95%
Carey Price CCM
95%
Braden Holtby CCM
95%
Ryan Miller Reebok
87%
Corey Crawford Reebok
87%
Semyon Varlamov Reebok
87%
Pekka Rinne Reebok
87%
Mike Smith Reebok
87%
Marc-Andre Fleury Reebok
87%
Tuukka Rask Vaughn
82%
Cam Ward Vaughn
82%
Jimmy Howard Vaughn
82%
Jose Theodore Vaughn
82%
Jonathan Quick Vaughn
82%
Niklas Backstrom Vaughn
82%
Martin Brodeur Vaughn
82%
Evgeni Nabokov Vaughn
82%
Antti Niemi Vaughn
82%
Cory Schneider Vaughn
82%
Ondrej Pavelec Vaughn
82%
Jonas Hiller Koho
81%
Craig Anderson Brian's
78%
Jaroslav Halak Brian's
78%
No matching quizzes found
Score Distribution
Percent of People with Each Score
Percentile by Number Answered
Your Score History
You have not taken this quiz